000 00955nam a22002777a 4500
001 9507
003 FISKH
005 20260115163148.0
008 260115b cb ||||| |||| 00| 0 eng d
020 _a0525477675
040 _aFISKH
_beng
_cFISKH
_dFISKH
050 _aPZ7.H313516 I
100 _aHawkins , Jimmy
245 _aIt's a wonderful life for kids ! /
_cby Jimmy Hawkins : illustrations by Douglas B. Jones
250 _aFirst Edition
260 _aNew York :
_bDutton Children's Books ,
_c2006 .
300 _a38 unnumbered pages :
_bcolor illustrations ;
_c32 cm .
505 _aH
520 _aGeorge and Mary Bailey's eight-year-old son Tommy gets some help from an angel-in-training named Arthur. Based on the movie "It's a Wonderful Life."
521 8 _a450
_bLexile
521 8 _aH
_bRaz-Plus
650 _aAngels
_vFiction
700 _aJones , Douglas B.
_eIllustrator
942 _2ddc
_cBK
_n0
999 _c9507
_d9507